=LDR 00000nam 2200000 4500 =001 NUTBA000000000005458 =005 20141030105229.0 =006 =007 =008 =035 ##$$a 0010-101400000000688 =040 ##$$a NBPDMAT =082 ##$$a 372.8 =090 ##$$a 372.8 $b Aru a =100 ##$$a Arum Puspita =245 ##$$a Aktivitas utama Ilmu Pengetahuan Sosial untuk SD dan MI kelas 2 semester 2/ $c Arum Puspita =250 ##$$a Cet.1 =260 ##$$a Jakarta : $b Dian Rakyat, $c 2010 =650 ##$$a Ilmu Pengetahuan Sosial - SD =850 ##$$a NBPDMAT